| 000 | 00550nam a22001577a 4500 | ||
|---|---|---|---|
| 999 |
_c13721 _d13721 |
||
| 003 | AR-CdUCM | ||
| 008 | 190416b ||||| |||| 00| 0 spa d | ||
| 040 |
_aMUNICIPALIDAD PROVINCIAL DEL CUSCO _cBIBLIOTECA MUNICIPAL DEL CUSCO |
||
| 082 |
_a869.56 / _bP59 |
||
| 100 |
_aPinto Gamboa, Willy _932232 |
||
| 245 |
_aEnvés y Reflexión de lo Huachafo : _bJorge Miota: Vida y Obra / |
||
| 260 |
_aLima : _bImprenta de la Universidad Nacional Mayor de San Marcos ; _c1978. |
||
| 300 |
_a133 al 202 _c21cm |
||
| 942 |
_2ddc _cLIBROS |
||
| 945 |
_anom _d2019-04-16 |
||